|
|
|
|
| LEADER |
00000cam a22000004a 4500 |
| 001 |
musev2_35347 |
| 003 |
MdBmJHUP |
| 005 |
20230905043723.0 |
| 006 |
m o d |
| 007 |
cr||||||||nn|n |
| 008 |
140415s2014 msu o 00 0 eng d |
| 010 |
|
|
|z 2014015183
|
| 020 |
|
|
|a 9781626740617
|
| 020 |
|
|
|z 9781628461091
|
| 020 |
|
|
|z 1628461098
|
| 020 |
|
|
|z 1626740615
|
| 035 |
|
|
|a (OCoLC)876900982
|
| 040 |
|
|
|a MdBmJHUP
|c MdBmJHUP
|
| 100 |
1 |
|
|a Payne, Alexander,
|d 1961-
|e interviewee.
|
| 245 |
1 |
0 |
|a Alexander Payne :
|b Interviews /
|c edited by Julie Levinson.
|
| 264 |
|
1 |
|a Jackson :
|b University Press of Mississippi,
|c [2014]
|
| 264 |
|
3 |
|a Baltimore, Md. :
|b Project MUSE,
|c 2014
|
| 264 |
|
4 |
|c ©[2014]
|
| 300 |
|
|
|a 1 online resource (224 pages).
|
| 336 |
|
|
|a text
|b txt
|2 rdacontent
|
| 337 |
|
|
|a computer
|b c
|2 rdamedia
|
| 338 |
|
|
|a online resource
|b cr
|2 rdacarrier
|
| 490 |
0 |
|
|a Conversations with filmmakers series
|
| 505 |
0 |
|
|a Cover; Contents; Introduction; Chronology; Filmography; Writing and Directing Citizen Ruth: A Talk with Alexander Payne and Jim Taylor; Tod Lippy / 1996; An Interview with Citizen Ruth Director Alexander Payne; Angie Drobnic / 1997; Adapting and Directing Election: A Talk with Alexander Payne and Jim Taylor; Annie Nocenti / 1999; Bringing on the Payne; Jeffrey M. Anderson and Rob Blackwelder / 1999; Fresh Air Interview with Alexander Payne; Terry Gross / 2003; About Schmidt Director Alexander Payne Does Have Something Interesting to Say; Walter Chaw / 2003; Interview: Alexander Payne.
|
| 505 |
0 |
|
|a Jeff Otto / 2004Interview: Alexander Payne; Scott Tobias / 2004; Alexander Payne: Sideways; Adrian Hennigan / 2005; Alexander Payne; Kate Donnelly / 2005; Alexander Payne: Staying Straight While Making Sideways; Brad Balfour / 2004; Alexander Payne: Sideways Glance at America; Kenneth Turan / 2005; Alexander Payne Talks The Descendants, Clooney, Next Black and White Film, New Trailer; Anne Thompson / 2011; Alexander Payne on The Descendants and Why It's a Minor Work; Eric Kohn / 2011; Director's Chair: Alexander Payne's The Descendants; Iain Blair / 2011.
|
| 505 |
0 |
|
|a Filmmaker Alexander Payne on The DescendantsEdward Douglas / 2011; Interview: Alexander Payne; Scott Tobias / 2011; Payne Find His Way to The Descendants; Marshall Fine / 2011; An Interview with Alexander Payne; Glenn Kenny / 2011; Interview: Alexander Payne; Dave Davies / 2011; Alexander Payne Talks The Descendants and His Next Two Projects, Nebraska and Wilson; Christina Radish / 2011; Interview with Alexander Payne; Charlie Rose / 2011; Alexander Payne Prefers Actors Who Can Communicate; Jennelle Riley / 2011; The Lei of the Land: A Few Moments with Alexander Payne; Christy Grosz / 2012.
|
| 505 |
0 |
|
|a Director of The Descendants, Alexander Payne, Talks Bristling Egos and Putting Life on FilmAlanna J. Lawson / 2012; Omaha and the Perfect Ending: The Alexander Payne Interview; Erich van Dussen / 2013; Film Director Alexander Payne: Greece Energizes My DNA! -- Demetrios Rhompotis / 2013; Whittling Birch Bark: A Conversation with Alexander Payne; Julie Levinson / 2013; Director Alexander Payne on Nebraska; Damian Houx / 2013; Additional Resources; Index; A; B; C; D; E; F; G; H; I; J; K; L; M; N; O; P; R; S; T; U; V; W; Y; Z.
|
| 520 |
|
|
|a Interviews with the director of Citizen Ruth, Nebraska, and The Descendants.
|
| 588 |
|
|
|a Description based on print version record.
|
| 600 |
1 |
7 |
|a Payne, Alexander,
|d 1961-
|2 fast
|0 (OCoLC)fst00439487
|
| 600 |
1 |
0 |
|a Payne, Alexander,
|d 1961-
|v Interviews.
|
| 650 |
|
7 |
|a Motion picture producers and directors.
|2 fast
|0 (OCoLC)fst01027225
|
| 650 |
|
7 |
|a PERFORMING ARTS
|x Film & Video
|x Direction & Production.
|2 bisacsh
|
| 650 |
|
7 |
|a PERFORMING ARTS
|x Reference.
|2 bisacsh
|
| 650 |
|
6 |
|a Producteurs et realisateurs de cinema
|z États-Unis
|v Entretiens.
|
| 650 |
|
0 |
|a Motion picture producers and directors
|z United States
|v Interviews.
|
| 651 |
|
7 |
|a United States.
|2 fast
|0 (OCoLC)fst01204155
|
| 655 |
|
7 |
|a Interviews.
|2 fast
|0 (OCoLC)fst01423832
|
| 655 |
|
7 |
|a Electronic books.
|2 local
|
| 700 |
1 |
|
|a Levinson, Julie R.,
|e editor.
|
| 710 |
2 |
|
|a Project Muse.
|e distributor
|
| 830 |
|
0 |
|a Book collections on Project MUSE.
|
| 856 |
4 |
0 |
|z Texto completo
|u https://projectmuse.uam.elogim.com/book/35347/
|
| 945 |
|
|
|a Project MUSE - Custom Collection
|
| 945 |
|
|
|a Project MUSE - 2014 Film, Theater and Performing Arts
|
| 945 |
|
|
|a Project MUSE - 2014 Complete
|